[Event "San Jose de Balcarce Eiroa Cup 10th"]
[Site "San Jose de Balcarce"]
[Date "2017.12.21"]
[Round "5.3"]
[White "Huergo, Juan Jose"]
[Black "Arias, Juan Carlos1111"]
[Result "1-0"]
[WhiteElo "1713"]
[BlackElo "1600"]
[PlyCount "59"]
[EventDate "2017.11.30"]
[EventType "swiss"]
[EventRounds "5"]
[EventCountry "ARG"]
[SourceTitle "EXT 2024"]
[Source "ChessBase"]
[SourceDate "2023.10.10"]
[SourceVersion "1"]
[SourceVersionDate "2023.10.10"]
[SourceQuality "1"]

1. e4 d5 2. exd5 Nf6 3. Nf3 Bg4 4. Be2 Nxd5 5. d4 e6 6. 0-0 Bd6 7. Re1 0-0 8. Ne5 Bxe2 9. Rxe2 Nf4 10. Bxf4 g5 11. Bg3 h5 12. h3 h4 13. Bh2 f6 14. Ng4 Bxh2+ 15. Nxh2 e5 16. c3 f5 17. Rxe5 Nc6 18. Re1 Qd7 19. Qh5 Qg7 20. Nd2 Nd8 21. Ndf3 Nf7 22. Re6 Nh8 23. Nxg5 Rad8 24. Rae1 Rd5 25. Re7 Nf7 26. Nxf7 Rxf7 27. Rxf7 Qxf7 28. Re8+ Kg7 29. Qh8+ Kg6 30. Rg8+ 1-0